| Поле | Инд. | ПП | Название | Значение |
|---|---|---|---|---|
| Тип записи | a | |||
| Библиографический уровень | m | |||
| 001 | Контрольный номер | RU/IS/BASE/386853034 | ||
| 005 | Дата корректировки | 20140703202451.2 | ||
| 040 | a | Служба первич. каталог. | НБ ТвГУ | |
| b | Код языка каталог. | rus | ||
| e | Правила каталог. | PSBO | ||
| 041 | 0_ | a | Код языка текста | rus |
| 080 | a | Индекс УДК | 316.334.2(043.3) | |
| 084 | a | Индекс другой классификации/Индекс ББК | С561.2я031 | |
| 084 | a | Индекс другой классификации/Индекс ББК | С028.13я031 | |
| 090 | a | Полочн. индекс | С561.2 | |
| x | Авторский знак | М 62 | ||
| 100 | 1_ | a | Автор | Миннегалиев Ильшат Маузирович |
| q | Полное имя | Миннегалиев И. М. | ||
| 245 | 10 | a | Заглавие | Экономическая культура в системе общественного воспроизводства |
| b | Продолж. заглавия | автореф. ... дис. к.филос.н. : 09.00.11 | ||
| c | Ответственность | ФГБОУ ВПО "Камская гос. инж.-экон. акад.", Каф. философии | ||
| 260 | a | Место издания | Тверь | |
| b | Издательство | Тверской государственный университет | ||
| 260 | a | Место издания | Набережные Челны | |
| b | Издательство | Новый город | ||
| c | Дата издания | 2012 | ||
| 300 | a | Объем | 21 с. | |
| 500 | a | Примечание | На правах рукоп. | |
| 504 | a | Библиография | Библиогр. в конце кн. (8 назв.) | |
| 653 | a | Ключевые слова | Авторефераты | |
| a | Ключевые слова | Национальная экономическая ментальность | ||
| a | Ключевые слова | Общественное воспроизводство | ||
| a | Ключевые слова | Общественное самосознание | ||
| a | Ключевые слова | Общественное сознание | ||
| a | Ключевые слова | Социальная философия | ||
| a | Ключевые слова | Социокультурная среда | ||
| a | Ключевые слова | Социология | ||
| a | Ключевые слова | Философия | ||
| a | Ключевые слова | Экономическая культура | ||
| a | Ключевые слова | Экономическая социология | ||
| 710 | a | Организация/ юрисдикция | Тверской государственный университет | |
| 901 | t | Тип документа | m | |
| 920 | a | Оператор | Густ | |
| 930 | a | Новая/Ретро | авторефераты | |
| 952 | c | Вид литературы | А/Р н | |
| 954 | a | Дата поступления на обработку | 20120409 |